000 00427nam a2200205Ia 4500
001 000688
003 YMCAF
005 20230512160030.0
008 100717s1971 ||||||||||||||||| ||und|d
024 _a688
035 _a671
040 _aYMCAF
_beng
_cIN-KoLT
041 _aeng
082 _aIS
_b-ISI32
100 _aISI
245 0 _aIS 696-1960 SECTION-3) DIMENTIORY
260 _c1971
300 _a49
942 _2ddc
_cBK
999 _c559
_d559